| 000 | 00724nam a22002057a 4500 | ||
|---|---|---|---|
| 005 | 20100728140745.0 | ||
| 010 | _aENG-97224 | ||
| 020 | _c30.00 | ||
| 035 | _aEN-80757 | ||
| 037 | _bDBAD/PUB | ||
| 082 | _a480 | ||
| 100 |
_aRao, C.V.L. Narasimha _921752 |
||
| 245 |
_aA hand book of effective english speaking / _cC.V.L. Narasimha Rao [and] C.V. Krishna Mohan |
||
| 260 |
_aVijayawada _bSwathi Book House _c2008 |
||
| 270 |
_aD.No. 28-22-20,Rahiman Street. Arundel pet. _bVijayawada |
||
| 300 |
_a112p. _c22cm. |
||
| 700 |
_aMohan, C.V. Krishna _92124 |
||
| 942 |
_2ddc _cEN _mRAO _h480 |
||
| 999 |
_c38088 _d38088 |
||